Normal view
MARC view
- طرق البحث والبحوث
Entry Topical Term
001 - CONTROL NUMBER
- control field: 21691
003 - CONTROL NUMBER IDENTIFIER
- control field: JO-AjAnu
005 - DATE AND TIME OF LATEST TRANSACTION
- control field: 20230606073744.0
008 - FIXED-LENGTH DATA ELEMENTS
- fixed length control field: 230606|| aca||aabn | a|a d
040 ## - CATALOGING SOURCE
- Original cataloging agency: JO-AjAnu
- Transcribing agency: JO-AjAnu
150 ## - HEADING--TOPICAL TERM
- Topical term or geographic name entry element: طرق البحث والبحوث
670 ## - SOURCE DATA FOUND
- Source citation: Work cat.: (JO-AjAnu)11146: عطوي، جودت عزت, author 21690, اساليب البحث العلمي مفاهيمه-اداوته-طرقه الاحصائية